| Tag |
First Indicator |
Second Indicator |
Subfields |
| LEADER |
00000cam a2200000 i 4500 |
| 001 |
in00000307692 |
| 005 |
20151010093510.0 |
| 008 |
761229s1978 nyua b 00110 eng |
| 010 |
|
|
|a 76058450
|
| 020 |
|
|
|a 0023335807
|
| 035 |
|
|
|a (OCoLC)02968365
|
| 035 |
|
|
|9 ABG8159AM
|
| 040 |
|
|
|a DLC
|c DLC
|d OKO
|d TXA
|d UtOrBLW
|
| 049 |
|
|
|a TXAM
|c [1477439]
|
| 050 |
0 |
0 |
|a QR100
|b .E35
|
| 060 |
|
0 |
|a QW 4.3 E24m 1978
|
| 082 |
0 |
|
|a 576/.15
|
| 100 |
1 |
|
|a Edmonds, Paul,
|d 1933-
|
| 245 |
1 |
0 |
|a Microbiology :
|b an environmental perspective /
|c Paul Edmonds.
|
| 264 |
|
1 |
|a New York :
|b Macmillan,
|c [1978]
|
| 264 |
|
4 |
|c ©1978
|
| 300 |
|
|
|a xiv, 367 pages :
|b illustrations ;
|c 26 cm.
|
| 336 |
|
|
|a text
|b txt
|2 rdacontent
|
| 337 |
|
|
|a unmediated
|b n
|2 rdamedia
|
| 338 |
|
|
|a volume
|b nc
|2 rdacarrier
|
| 504 |
|
|
|a Includes bibliographies and index.
|
| 650 |
|
0 |
|a Microbial ecology.
|
| 650 |
|
2 |
|a Ecology.
|
| 650 |
|
2 |
|a Microbiology.
|
| 999 |
|
|
|a MARS
|
| 999 |
f |
f |
|s ede6cbcc-9594-3e56-a90c-653a3414b7bc
|i 0d74b2c9-76f6-3a41-95bc-dab716df2801
|t 0
|
| 952 |
f |
f |
|p ric
|a Texas A&M University
|b Rellis Campus
|c Joint Library Facility
|d Remote Storage
|t 0
|e QR100 .E35
|h Library of Congress classification
|i unmediated -- volume
|m A14805038893
|
| 998 |
f |
f |
|a QR100 .E35
|t 0
|l Remote Storage
|